000 01581nam0a22003371 4500
001 RU\NLR\Evr\4384
005 20251202160538.0
035 _a(NLR Aleph) 011420765
090 _a53522
_c53522
100 _a20110723d1941 u y0rusy50 ca
101 0 _ayid
102 _aRU
105 _ac |||||||||
200 1 _6a01
_7ba
_aVegn aynike fragn fun der geshikhte funem bolshevizm
_eA briv in der redaktsie fun zshurnal "Proletarskaya revolyutsia "
_fI. Stalin
210 _6a01
_aMoskve
_cDer Emes
_d1941
_7ba
210 _6a01
_9z02
_aמאָסקווע
_cדער עמעס
_d1941
210 _9z02
_aМосква
_cДер эмес
_d1941
_7ca
215 _a15 с.
_cПортр.
_d23 см.
510 1 _6a01
_aוועגנ אייניקע פראגנ פונ דער געשיכטע פונעמ באָלשעוויזמ
_eא בריוו אינ דער רעדאקציע פונ זשורנאל פּראָלעטארסקאיא רעוואָליוציא
_fי. סטאלינ
_7ha
541 1 _aО некоторых вопросах истории большевизма
_eПисьмо в редакцию журнала "Пролетарская революция"
_zrus
700 1 _6a01
_aСталин
_bИ.В.
_f1879-1953
_gИосиф Виссарионович
_3RU\NLR\AUTH\7949564
_4070
_7ca
801 0 _aRU
_bNLR
_c20110723
_gpsbo
801 0 _aRU
_bNLR
_gPSBO
801 1 _aRU
_bNLR
_c20110723
_2rusmarc
852 _aNLR
_bОЛСАА/идиш
_jМ-2550
942 _cBOOK
945 _aРоссийская национальная библиотека
980 _aNB
980 _aBV
980 1 _aIDISH